Lectura 7 : (Registro nro. 9963)

Detalles MARC
000 -LEADER
fixed length control field 01443nam a2200313 a 4500
001 - CONTROL NUMBER
control field 000359
003 - CONTROL NUMBER IDENTIFIER
control field DO-SdBNP
005 - DATE AND TIME OF LATEST TRANSACTION
control field 20160429104351.0
007 - PHYSICAL DESCRIPTION FIXED FIELD--GENERAL INFORMATION
fixed length control field 000359
008 - FIXED-LENGTH DATA ELEMENTS--GENERAL INFORMATION
fixed length control field 150130s1996 dr ac 000 0 spa d
020 ## - INTERNATIONAL STANDARD BOOK NUMBER
International Standard Book Number 9789706421500
040 ## - CATALOGING SOURCE
Original cataloging agency BPMSU
Language of cataloging spa
Transcribing agency BPMSU
092 ## - LOCALLY ASSIGNED DEWEY CALL NUMBER (OCLC)
Classification number 372.4
Item number G216l, 7mo. 1996
100 1# - MAIN ENTRY--PERSONAL NAME
Personal name García de Escobar, Obdulia
245 00 - TITLE STATEMENT
Title Lectura 7 :
Remainder of title educación básica /
Statement of responsibility, etc. Obdulia García de Escobar ; ilustración Marcelo Felder, Ruddy Núñez
260 ## - PUBLICATION, DISTRIBUTION, ETC. (IMPRINT)
Place of publication, distribution, etc. Santo Domingo :
Name of publisher, distributor, etc. Santillana,
Date of publication, distribution, etc. 1998.
300 ## - PHYSICAL DESCRIPTION
Extent 119 p. :
Other physical details il. retrs. ;
Dimensions 28 cm.
505 1# - FORMATTED CONTENTS NOTE
Title El planeta --
-- A jugar con la luz --
-- Un continente llamado América --
-- El hombre americano y su mundo --
-- La matemática y la literatura --
-- África: raíces negras --
-- El hombre del renacimiento --
-- Viajeros y exploradores --
-- El poder de la electricidad --
-- El poder de la máquina --
-- La obsesión de retratar --
-- ¿Sonreímos? --
-- Alas para volar --
-- Derechos y deberes --
-- Tú y los demás --
-- Los secretos de las plantas --
-- Mi gente, mi medio --
-- Actividades --
650 ## - SUBJECT ADDED ENTRY--TOPICAL TERM
Topical term or geographic name as entry element LECTURA
General subdivision ENSEÑANZA BÁSICA
650 ## - SUBJECT ADDED ENTRY--TOPICAL TERM
Topical term or geographic name as entry element LECTURA
General subdivision EDUCACIÓN PRIMARIA
650 ## - SUBJECT ADDED ENTRY--TOPICAL TERM
Topical term or geographic name as entry element LECTURA
Geographic subdivision REPÚBLICA DOMINICANA
650 ## - SUBJECT ADDED ENTRY--TOPICAL TERM
Topical term or geographic name as entry element LECTURA
General subdivision LIBROS DE TEXTO
650 ## - SUBJECT ADDED ENTRY--TOPICAL TERM
Topical term or geographic name as entry element LECTURA
General subdivision ESTUDIOS Y EJERCICIOS
700 1# - ADDED ENTRY--PERSONAL NAME
Personal name Núñez, Ruddy
Relator term il.
700 1# - ADDED ENTRY--PERSONAL NAME
Personal name Felder, Marcelo
Relator term il.
700 1# - ADDED ENTRY--PERSONAL NAME
Personal name Suárez, Frank
Relator term il.
942 ## - ADDED ENTRY ELEMENTS (KOHA)
Source of classification or shelving scheme Dewey Decimal Classification
Koha item type Libros
956 ## - LOCAL ELECTRONIC LOCATION AND ACCESS (OCLC)
Host name YLOCKWARD
Access number 10
Existencias
Withdrawn status Lost status Source of classification or shelving scheme Damaged status Not for loan Collection code Home library Current library Date acquired Source of acquisition Total Checkouts Barcode Date last seen Price effective from Koha item type
    Dewey Decimal Classification       Biblioteca Pública Metropolitana Salomé Ureña Biblioteca Pública Metropolitana Salomé Ureña 04/29/2016 Donación   BPMSU16040802 04/29/2016 04/29/2016 Libros